Papsttum, Reich und kaiserliche Autorität: von Rom 1111 bis Venedig 1177

Saved in:
Bibliographic Details
Main Author: Weinfurter, Stefan (Author)
Format: Chapter/Article
Language:German
Published: 2002
In: Das Papsttum in der Welt des 12. Jahrhunderts
Year: 2002, Pages: 77-99
Online Access: Get full text
Author Notes:Stefan Weinfurter

MARC

LEADER 00000caa a2200000 c 4500
001 1446357600
003 DE-627
005 20240613173036.0
007 tu
008 121213s2002 xx ||||| 00| ||ger c
035 |a (DE-627)1446357600 
035 |a (DE-576)376357606 
035 |a (DE-599)BSZ376357606 
035 |a (OCoLC)1340457196 
040 |a DE-627  |b ger  |c DE-627  |e rakwb 
041 |a ger 
084 |a 63  |2 sdnb 
084 |a 1  |2 ssgn 
100 1 |a Weinfurter, Stefan  |d 1945-2018  |0 (DE-588)121611892  |0 (DE-627)081421567  |0 (DE-576)163509956  |4 aut 
245 1 0 |a Papsttum, Reich und kaiserliche Autorität  |b von Rom 1111 bis Venedig 1177  |c Stefan Weinfurter 
264 1 |c 2002 
336 |a Text  |b txt  |2 rdacontent 
337 |a ohne Hilfsmittel zu benutzen  |b n  |2 rdamedia 
338 |a Band  |b nc  |2 rdacarrier 
773 0 8 |i In  |t Das Papsttum in der Welt des 12. Jahrhunderts  |d Stuttgart : Thorbecke, 2002  |g (2002), Seite 77-99  |h 344 S., [7] Bl.  |w (DE-627)1625481500  |w (DE-576)099153351  |z 3799542574  |7 nnam  |a Papsttum, Reich und kaiserliche Autorität von Rom 1111 bis Venedig 1177 
773 1 8 |g year:2002  |g pages:77-99  |a Papsttum, Reich und kaiserliche Autorität von Rom 1111 bis Venedig 1177 
889 |w (DE-627)835232875 
935 |a mteo 
935 |i mdedup 
951 |a AR 
992 |a 20121213 
993 |a BookComponentPart 
994 |a 2002 
998 |g 121611892  |a Weinfurter, Stefan  |m 121611892:Weinfurter, Stefan  |d 70000  |d 72000  |d 72020  |e 70000PW121611892  |e 72000PW121611892  |e 72020PW121611892  |k 0/70000/  |k 1/70000/72000/  |k 2/70000/72000/72020/  |p 1  |x j  |y j 
999 |a KXP-PPN1446357600  |e 2733218514 
BIB |a Y 
JSO |a {"origin":[{"dateIssuedDisp":"2002","dateIssuedKey":"2002"}],"language":["ger"],"recId":"1446357600","relHost":[{"language":["ger"],"note":["Literaturangaben"],"origin":[{"publisherPlace":"Stuttgart","dateIssuedKey":"2002","dateIssuedDisp":"2002","publisher":"Thorbecke"}],"recId":"1625481500","physDesc":[{"extent":"344 S., [7] Bl.","noteIll":"Ill."}],"name":{"displayForm":["herausgegeben von Ernst-Dieter Hehl ..."]},"relMultPart":[{"pubHistory":["1.1997 -"],"recId":"241396301","titleAlt":[{"title":"MF"}],"language":["ger"],"dispAlt":"Mittelalter-Forschungen","origin":[{"dateIssuedKey":"1997","publisherPlace":"Ostfildern ; Sigmaringen ; Stuttgart","publisher":"Thorbecke ; Thorbecke ; Thorbecke","dateIssuedDisp":"1997-"}],"title":[{"title_sort":"Mittelalter-Forschungen","title":"Mittelalter-Forschungen"}],"person":[{"display":"Schneidmüller, Bernd","role":"edt","given":"Bernd","family":"Schneidmüller"},{"family":"Weinfurter","role":"edt","display":"Weinfurter, Stefan","given":"Stefan"}],"id":{"zdb":["1418292-0"],"eki":["241396301"]},"type":{"bibl":"serial"},"part":{"number":["6"],"number_sort":["6"]},"disp":"Mittelalter-Forschungen"}],"part":{"text":"(2002), Seite 77-99","pages":"77-99","year":"2002"},"disp":"Papsttum, Reich und kaiserliche Autorität von Rom 1111 bis Venedig 1177Das Papsttum in der Welt des 12. Jahrhunderts","title":[{"title":"Das Papsttum in der Welt des 12. Jahrhunderts","title_sort":"Papsttum in der Welt des 12. Jahrhunderts"}],"person":[{"family":"Hehl","given":"Ernst-Dieter","role":"edt","display":"Hehl, Ernst-Dieter"}],"id":{"eki":["1625481500"],"isbn":["3799542574"]},"type":{"bibl":"edited-book"}}],"name":{"displayForm":["Stefan Weinfurter"]},"type":{"bibl":"chapter"},"id":{"eki":["1446357600"]},"person":[{"display":"Weinfurter, Stefan","role":"aut","given":"Stefan","family":"Weinfurter"}],"title":[{"title_sort":"Papsttum, Reich und kaiserliche Autorität","title":"Papsttum, Reich und kaiserliche Autorität","subtitle":"von Rom 1111 bis Venedig 1177"}]} 
SRT |a WEINFURTERPAPSTTUMRE2002